Zadlženosť domácností na Slovensku

Význam sektora domácností pre finančnú stabilitu. Charakteristika čistého bohatstva domácností na Slovensku. Zadĺženosť domácností. Finančný stres.

Gespeichert in:
Bibliographische Detailangaben
1. Verfasser: Strachotová, Anna
Format: Buchkapitel
Sprache:Slowakisch
Schlagworte:
Tags: Tag hinzufügen
Keine Tags, Fügen Sie das erste Tag hinzu!

MARC

LEADER 00000naa a2200000 4500
001 0121485
005 20260325122817.3
041 0 |a slo 
044 |a SK 
245 1 0 |a Zadlženosť domácností na Slovensku  |c Anna Strachotová 
520 |a Význam sektora domácností pre finančnú stabilitu. Charakteristika čistého bohatstva domácností na Slovensku. Zadĺženosť domácností. Finančný stres. 
610 2 0 |a banky 
610 2 0 |a domácnosti 
610 2 0 |a Slovensko 
610 2 0 |a stabilita finančná 
610 2 0 |a zadlženosť 
610 2 0 |a stres finančný 
100 1 |a Strachotová, Anna